书目信息 |
| 题名: |
基于跨文化交际的复合型英语翻译人才培养研究
|
|
| 作者: | 张烨 , 张园园 著 | |
| 分册: | ||
| 出版信息: | 北京 中国书籍出版社 2021.04 |
|
| 页数: | 246页 | |
| 开本: | 24cm | |
| 丛书名: | 高校学校研究论著刊 | |
| 单 册: | ||
| 中图分类: | H315.9 | |
| 科图分类: | ||
| 主题词: | 英语--ying yu--翻译--人才培养--教学研究 | |
| 电子资源: | ||
| ISBN: | 978-7-5068-7574-5 | |
| 000 | 01141nam 2200277 450 | |
| 001 | 202021190569 | |
| 005 | 20211025120124.0 | |
| 010 | @a978-7-5068-7574-5@dCNY76.00 | |
| 100 | @a20210919d2021 em y0chiy50 ea | |
| 101 | 0 | @achi |
| 102 | @aCN@b110000 | |
| 105 | @aa a 000yy | |
| 106 | @ar | |
| 200 | 1 | @a基于跨文化交际的复合型英语翻译人才培养研究@Aji yu kua wen hua jiao ji de fu he xing ying yu fan yi ren cai pei yang yan jiu@f张烨, 张园园著 |
| 210 | @a北京@c中国书籍出版社@d2021.04 | |
| 215 | @a246页@c图@d24cm | |
| 225 | 2 | @a高校学校研究论著刊@Agao xiao xue xiao yan jiu lun zhu kan@i人文社科 |
| 320 | @a有书目 (第241-246页) | |
| 330 | @a本书共分为十章, 主要内容包括: 文化综述、跨文化交际综述、翻译综述、基于跨文化交际的复合型英语翻译人才培养综述、复合型英语翻译人才培养之基本翻译技能的培养、复合型英语翻译人才培养之文体翻译技能的培养 (一) 等。 | |
| 410 | 0 | @12001 @a高校学校研究论著刊@i人文社科 |
| 606 | 0 | @a英语@Aying yu@x翻译@x人才培养@x教学研究 |
| 690 | @aH315.9@v5 | |
| 701 | 0 | @a张烨@Azhang ye@4著 |
| 701 | 0 | @a张园园@Azhang yuan yuan@4著 |
| 801 | 0 | @aCN@c20210909 |
| 905 | @a河南城建学院图书馆@dH315.9@eZ221 | |
| 基于跨文化交际的复合型英语翻译人才培养研究/张烨, 张园园著.-北京:中国书籍出版社,2021.04 |
| 246页:图;24cm.-(高校学校研究论著刊.人文社科) |
| ISBN 978-7-5068-7574-5:CNY76.00 |
| 本书共分为十章, 主要内容包括: 文化综述、跨文化交际综述、翻译综述、基于跨文化交际的复合型英语翻译人才培养综述、复合型英语翻译人才培养之基本翻译技能的培养、复合型英语翻译人才培养之文体翻译技能的培养 (一) 等。 |
| ● |
| 相关链接 |
|
|
|
正题名:基于跨文化交际的复合型英语翻译人才培养研
索取号:H315.9/Z221
 
预约/预借
| 序号 | 登录号 | 条形码 | 馆藏地/架位号 | 状态 | 备注 |
| 1 | 1539855 | 215398558 | 语言库209/209语言库 40排1列5层/ [索取号:H315.9/Z221] | 在馆 | |
| 2 | 1539856 | 215398567 | 语言库209/209语言库 40排1列5层/ [索取号:H315.9/Z221] | 在馆 |